Les 15 sports les plus pratiqués en France en 2024 - Statistiques

Statistiques générales
  • Ce quiz a été pris 484 fois
  • Le résultat moyen est 10 sur 15
Statistiques - réponses
Hint Réponse % Correct
1 Football
100%
4 Basketball
92%
2 Tennis
92%
9 Handball
85%
10 Natation
82%
6 Rugby
80%
12 Athlétisme
75%
3 Équitation
75%
8 Judo
65%
5 Gymnastique
61%
14 Badminton
57%
15 Danse
57%
7 Golf
52%
13 Escalade
32%
11 Tir
22%
Aucun quiz correspondant
Distribution des résultats
% des personnes avec chaque résultat
Percentile par nombre de réponses
Votre historique - résultats
Vous n’avez pas pris ce quiz